Histoire d'Angleterre / (Record no. 155777)
[ view plain ]
| 000 -LEADER | |
|---|---|
| campo de control de longitud fija | 01379nam a22003015i 4500 |
| 001 - NÚMERO DE CONTROL | |
| campo de control | 155777 |
| 003 - IDENTIFICADOR DE NÚMERO DE CONTROL | |
| campo de control | ES-MaACL |
| 005 - FECHA Y HORA DE LA ÚLTIMA TRANSACCIÓN | |
| campo de control | 20250714223710.0 |
| 008 - DATOS DE LONGITUD FIJA--INFORMACIÓN GENERAL | |
| campo de control de longitud fija | 040728m18391840fr |||| | fre d |
| 040 ## - FUENTE DE CATALOGACIÓN | |
| Centro catalogador/agencia de origen | CAM |
| Lengua de catalogación | spa |
| Centro/agencia transcriptor | CAM |
| 080 ## - NÚMERO DE LA CLASIFICACIÓN DECIMAL UNIVERSAL | |
| Número de la Clasificación Decimal Universal | 94(410) |
| 100 1# - ENTRADA PRINCIPAL--NOMBRE DE PERSONA | |
| Nombre de persona | Hume, David, |
| Fechas asociadas al nombre | 1711-1776 |
| Término indicativo de función/relación | Autor |
| 9 (RLIN) | 64719 |
| 245 10 - MENCIÓN DEL TÍTULO | |
| Título | Histoire d'Angleterre / |
| Mención de responsabilidad, etc. | par David Hume ; continuée jusqu'à nos jours par Smollett, Adolphus et Aikin ; traduction nouvelle par M. Campenon |
| 260 ## - PUBLICACIÓN, DISTRIBUCIÓN, ETC. | |
| Lugar de publicación, distribución, etc. | Paris : |
| Nombre del editor, distribuidor, etc. | Furne et Cie., |
| Fecha de publicación, distribución, etc. | 1839-1840 |
| Fabricante | (Imp. de H. Fournier et comp.) |
| 300 ## - DESCRIPCIÓN FÍSICA | |
| Extensión | 13 volúmenes : |
| Otras características físicas | ilustraciones ; |
| Dimensiones | 21 cm. |
| 504 ## - NOTA DE BIBLIOGRAFÍA, ETC. | |
| Nota de bibliografía, etc. | Referencias bibliográficas |
| 530 ## - NOTA DISPONIBLE DE FORMULARIO FÍSICO ADICIONAL | |
| Nota de formato físico adicional disponible | Disponible en formato digital |
| 600 14 - PUNTO DE ACCESO ADICIONAL DE MATERIA--NOMBRE DE PERSONA | |
| 9 (RLIN) | 128089 |
| Nombre de persona | Hume, David, |
| Fechas asociadas al nombre | 1711-1776- |
| Subdivisión de forma | Biografías |
| 651 #4 - PUNTO DE ACCESO ADICIONAL DE MATERIA--NOMBRE GEOGRÁFICO | |
| Nombre geográfico | Gran Bretaña- |
| Subdivisión general | Historia. |
| 9 (RLIN) | 8752 |
| 700 1# - ENTRADA AGREGADA--NOMBRE PERSONAL | |
| Nombre de persona | Smollett, Tobias George, |
| Fechas asociadas al nombre | 1721-1771 |
| Término indicativo de función/relación | Colaborador |
| 9 (RLIN) | 132786 |
| 700 1# - ENTRADA AGREGADA--NOMBRE PERSONAL | |
| Nombre de persona | Adolphus, John, |
| Fechas asociadas al nombre | 1778-1845 |
| Término indicativo de función/relación | Colaborador |
| 9 (RLIN) | 125546 |
| 700 1# - ENTRADA AGREGADA--NOMBRE PERSONAL | |
| Nombre de persona | Aikin, John, |
| Fechas asociadas al nombre | 1747-1822 |
| Término indicativo de función/relación | Colaborador |
| 9 (RLIN) | 125568 |
| 700 1# - ENTRADA AGREGADA--NOMBRE PERSONAL | |
| Nombre de persona | Campenon, Vincent, |
| Fechas asociadas al nombre | 1772-1843 |
| Término indicativo de función/relación | Colaborador |
| -- | Traductor |
| 9 (RLIN) | 126300 |
| 852 ## - LOCALIZACIÓN | |
| Ubicación | ES-MaACL |
| Ubicación en estantería | Depósito 2 |
| Marcas de propiedad | Ex-libris ms. de Domingo Goyeneche |
| -- | Ex-libris ms. de Eugenio Agüera |
| Número de control de estantería | G-1783-95 |
| Encuadernación | Holandesa |
| Donativo/Legado | Donativo de Eugenio Agüera |
| 856 ## - LOCALIZACIÓN Y ACCESO ELECTRÓNICOS | |
| Identificador Uniforme de Recursos | <a href="https://gallica.bnf.fr/ark:/12148/bpt6k7017v">https://gallica.bnf.fr/ark:/12148/bpt6k7017v</a> |
| Texto de enlace | Versión en línea |
| Nota pública | (Gallica. Bibliothèque nationale de France) |
| 942 ## - ELEMENTOS DE ENTRADA SECUNDARIOS (KOHA) | |
| Fuente del sistema de clasificación o colocación | Clasificación decimal universal |
| Tipo de ítem Koha | Libro impreso antiguo |
| Suprimir en OPAC | No |
| Estatus retirado | Estado de pérdida | Fuente del sistema de clasificación o colocación | Estado de daño | No para préstamo | Colección | Biblioteca de origen | Biblioteca actual | Ubicación en estantería | Fecha de adquisición | Fuente de adquisición | Total de préstamos | Signatura topográfica completa | Código de barras | Visto por última vez | Tipo de ítem Koha |
|---|---|---|---|---|---|---|---|---|---|---|---|---|---|---|---|
| Clasificación decimal universal | Libros del s. XIX | Biblioteca del Ateneo de Madrid | Biblioteca del Ateneo de Madrid | Depósito 2 | 17/01/2008 | Donación | G-1783-95 | 1162951 | 23/02/2023 | Libro impreso antiguo |
